000
00336 a2200145 4500
001
156836
020
_a
8516053687
040
_c
Escola São Tomás de Aquino
100
_a
MACHADO, Ana Maria
240
1
0
_a
Severino faz chover
_l
por
245
1
0
_a
Severino faz chover
362
0
_a
2006
697
_a
*LITERATURA INFANTO
942
_c
BK
999
_c
156836
_d
156836